The Leadership Experience / (Record no. 2634)

000 -LEADER
fixed length control field 00655nam a2200241 a 4500
007 - PHYSICAL DESCRIPTION FIXED FIELD--GENERAL INFORMATION
fixed length control field ta
008 - FIXED-LENGTH DATA ELEMENTS--GENERAL INFORMATION
fixed length control field 230207r20222015ii ad||gd|||||||1 ||und||
020 ## - INTERNATIONAL STANDARD BOOK NUMBER
International Standard Book Number 9789386650696
Terms of availability Rs. 775.00
040 ## - CATALOGING SOURCE
Original cataloging agency IMU Kochi Library
Language of cataloging eng
041 0# - LANGUAGE CODE
Language code of text/sound track or separate title eng
044 ## - COUNTRY OF PUBLISHING/PRODUCING ENTITY CODE
MARC country code India
082 04 - DEWEY DECIMAL CLASSIFICATION NUMBER
Classification number 658.4092
Item number D131
Edition number 23
100 1# - MAIN ENTRY--PERSONAL NAME
Personal name Daft, Richard L.
245 10 - TITLE STATEMENT
Title The Leadership Experience /
250 ## - EDITION STATEMENT
Edition statement 6th ed.
260 ## - PUBLICATION, DISTRIBUTION, ETC. (IMPRINT)
Place of publication, distribution, etc Delhi :
Name of publisher, distributor, etc Cengage Learning India Private Limited ,
Date of publication, distribution, etc 2015, reprinted 2022
300 ## - PHYSICAL DESCRIPTION
Extent xviii, 507 p.
Other physical details : ill.
Dimensions ; 26 cm.
650 #0 - SUBJECT ADDED ENTRY--TOPICAL TERM
Topical term or geographic name as entry element Management
Form subdivision Textbooks
650 #0 - SUBJECT ADDED ENTRY--TOPICAL TERM
Topical term or geographic name as entry element Leadership
Form subdivision Textbooks
852 ## - LOCATION/CALL NUMBER
Location IMU Kochi Library
904 ## - LOCAL DATA ELEMENT D, LDD (RLIN)
CATALOGER Akhil Bose
942 ## - ADDED ENTRY ELEMENTS (KOHA)
Item type Books
Holdings
Withdrawn status Lost status Source of classification or shelving scheme Damaged status Not for loan Collection code Permanent location Current location Shelving location Date acquired Source of acquisition Cost, normal purchase price Total Checkouts Full call number Barcode Date last seen Date last borrowed Koha item type Public note Total Renewals
          Management Studies IMU Kochi Library IMU Kochi Library General Stacks 2023-02-03 M/S Techniz Books International(Inv. No. INT/222310754 Dt. 2023-01-20) 775.00 1 658.4092 D131 BK005951 2023-03-01 2023-03-01 Books Gen. Shelf-31, Row-2  
          Management Studies IMU Kochi Library IMU Kochi Library General Stacks 2023-02-03 M/S Techniz Books International(Inv. No. INT/222310754 Dt. 2023-01-20) 775.00 3 658.4092 D131 BK005952 2024-10-04 2024-09-02 Books Gen. Shelf-31, Row-2 1
          Management Studies IMU Kochi Library IMU Kochi Library General Stacks 2023-02-03 M/S Techniz Books International(Inv. No. INT/222310754 Dt. 2023-01-20) 775.00 3 658.4092 D131 BK005953 2024-09-30 2024-09-30 Books Gen. Shelf-31, Row-2  
          Management Studies IMU Kochi Library IMU Kochi Library General Stacks 2023-02-03 M/S Techniz Books International(Inv. No. INT/222310754 Dt. 2023-01-20) 775.00 1 658.4092 D131 BK005954 2024-09-30 2024-09-30 Books Gen. Shelf-31, Row-2  
          Management Studies IMU Kochi Library IMU Kochi Library General Stacks 2023-02-03 M/S Techniz Books International(Inv. No. INT/222310754 Dt. 2023-01-20) 775.00 1 658.4092 D131 BK005955 2023-03-01 2023-03-01 Books Gen. Shelf-31, Row-2  


Copyright © All Rights Reserved by Indian Maritime University, Kochi Campus.
For any Suggestions/Query Contact to library or Email: library.kochi@imu.ac.in Ph:(0484)-2989402
(Web OPAC Designed by Rudra Ranjan. Maintained by IMU Kochi Library)

Powered by Koha